Aplikácie stykového odporového zvárania = Resistance butt welding application : Bakalárska práca

Salvato in:
Dettagli Bibliografici
Autore principale: Kiripolský, Peter, 1983- (Autore)
Altri autori: Kovačócy, Pavel, 1967- (xxx)
Natura: Manoscritto Libro
Lingua:slovacco
Pubblicazione: Trnava : STU v Bratislave MTF UVTE KZv, 2008
Soggetti:
Tags: Aggiungi Tag
Nessun Tag, puoi essere il primo ad aggiungerne!!

MARC

LEADER 00000ntm a22000003a 4500
001 stu170904
005 20160719160011.1
008 081001s2008----xo------------------slo-d
040 |a STU  |b slo 
041 0 |a slo 
044 |a xo 
100 1 |a Kiripolský, Peter,  |d 1983-  |4 aut  |X 34407  |7 A000034407 
245 1 |a Aplikácie stykového odporového zvárania = Resistance butt welding application :  |b Bakalárska práca 
260 |a Trnava :  |b STU v Bratislave MTF UVTE KZv,  |c 2008 
300 |a 42 s  |c 1 CD-ROM 
500 |a Zameranie: zváranie a spájanie materiálov 
500 |a Odbor: technológie strojárskej výroby 
650 7 |a stykové zváranie  |2 stusub 
700 1 |a Kovačócy, Pavel,  |d 1967-  |4 xxx  |u M3000  |U MTF Materiálovotechnologická fakulta  |T MTF Ústav výrobných technológií  |X 4171  |U M3000  |Y 83  |7 A000004171 
996 |b 284M068603  |c M*BP-3278  |l MMSKP  |s P  |a 0  |w stu170904_0001